00738pam a2200241 i 4500001000800000005001700008008004100025010001700066020001500083040001800098041000800116060001500124080001700139082001700156100000700173101000800180245007900188504003900267906004500306942001200351999001700363952011600380319311820180202034817.0770803s1978 mau b 001 0 eng  a 77011036  a0674375661 aDLCcDLCdDLC aeng aWM100 H337 a616.89 arm00a616.89 arm a48 apsi04aThe Harvard guide to modern psychiatry /cedited by Armand M. Nicholi, Jr. aIncludes bibliographies and index. a7bcbccorignewd1eocipf19gy-gencatlg 2ddccBK c41575d41575 00102udc40708PËKGa002b002cPËKGd2018-02-02l0o616.89 armp002-2997500r2018-02-02w2018-02-02yBK